|
|
|
|
| LEADER |
00667nam a2200217Ia 4500 |
| 008 |
240829s9999 xx 000 0 und d |
| 020 |
|
|
|a 968-18-6472-7
|
| 040 |
|
|
|a BIBLIOTECA-RUPAP 696.1 E59
|
| 041 |
|
|
|a spa
|
| 082 |
|
|
|a 696.1 E59
|
| 100 |
1 |
|
|a Enríquez Harper, Gilberto
|
| 245 |
1 |
0 |
|a Manual práctico de instalaciones hidráulicas, sanitarias y de calefacción
|
| 260 |
|
|
|a México
|b Limusa
|c 2004
|
| 300 |
|
|
|a 486 p. :il.
|
| 650 |
7 |
|
|a PLOMERIA - INSTALACIONE HIDRAULICAS
|
| 650 |
7 |
|
|b PLOMERIA - HERRAMIENTAS
|
| 650 |
7 |
|
|c INSTALACIONES DE SISTEMAS
|
| 650 |
7 |
|
|d SISTEMAS DE CALEFACCION SOLAR. I. Tít.
|
| 942 |
|
|
|c BK
|2 ddc
|
| 991 |
|
|
|a TEXTO
|
| 999 |
|
|
|c 10394
|